Ice Age (Record no. 262931)
[ view plain ]
| 000 -LEADER | |
|---|---|
| fixed length control field | 02600ngm a2200589Ka 4500 |
| 001 - CONTROL NUMBER | |
| control field | ocm51209575 |
| 003 - CONTROL NUMBER IDENTIFIER | |
| control field | OCoLC |
| 005 - DATE AND TIME OF LATEST TRANSACTION | |
| control field | 20241108151351.0 |
| 007 - PHYSICAL DESCRIPTION FIXED FIELD--GENERAL INFORMATION | |
| fixed length control field | vd cvaizu |
| 008 - FIXED-LENGTH DATA ELEMENTS--GENERAL INFORMATION | |
| fixed length control field | 021211s2002 cau081 g vaeng d |
| 020 ## - INTERNATIONAL STANDARD BOOK NUMBER | |
| Terms of availability | 17.95 |
| 040 ## - CATALOGING SOURCE | |
| Original cataloging agency | JRZ |
| Transcribing agency | JRZ |
| Modifying agency | OCLCQ |
| -- | WACOL |
| Description conventions | rda |
| 049 ## - LOCAL HOLDINGS (OCLC) | |
| Holding library | WACL |
| 050 #4 - LIBRARY OF CONGRESS CALL NUMBER | |
| Classification number | PN1997.5 |
| Item number | .I2412 2002 |
| 082 #4 - DEWEY DECIMAL CLASSIFICATION NUMBER | |
| Classification number | 791.43 |
| 092 ## - LOCALLY ASSIGNED DEWEY CALL NUMBER (OCLC) | |
| Classification number | DVD |
| Item number | Ice |
| 245 00 - TITLE STATEMENT | |
| Title | Ice Age |
| Medium | [DVD] |
| 250 ## - EDITION STATEMENT | |
| Edition statement | Widescreen and full screen ed. |
| 260 ## - PUBLICATION, DISTRIBUTION, ETC. (IMPRINT) | |
| Place of publication, distribution, etc | Beverly Hills, Calif. : |
| Name of publisher, distributor, etc | 20th Century Fox Home Entertainment, |
| Date of publication, distribution, etc | c2002. |
| 264 ## - Production, Publication, Distribution, Manufacture, and Copyright Notice. | |
| Place of production, publication, distribution, manufacture | Beverly Hills, Calif. : |
| Name of producer, publisher, distributor, manufacturer | 20th Century Fox Home Entertainment, |
| Date of production, publication, distribution, manufacture, or copyr | 2002 |
| 300 ## - PHYSICAL DESCRIPTION | |
| Extent | 1 disc (ca. 81 min. |
| Other physical details | sd., col.; |
| Dimensions | 4 3/4 in. |
| 500 ## - GENERAL NOTE | |
| General note | Bonus features include: audio commentaries by director and co-director ; 3 all new interactive games ; 8 DVD-ROM games & activities ; ; deleted scenes ; |
| 500 ## - GENERAL NOTE | |
| General note | DVD release of the motion picture. |
| 508 ## - CREATION/PRODUCTION CREDITS NOTE | |
| Creation/production credits note | Animators, Nina Bafaro ... [et al.] ; editor, John Carnochan. |
| 511 0# - PARTICIPANT OR PERFORMER NOTE | |
| Participant or performer note | Voices: Ray Romano, John Leguizamo, Denis Leary, Goran Visnjic, Jack Black, Cedric the Entertainer, Stephen Root, Diedrich Bader. |
| 520 ## - SUMMARY, ETC. | |
| Summary, etc | Twenty thousand years ago, as the Earth was being overrun with glaciers, Manny, Diego, Sid and Scrat become a courageous quartet of migrating misfits braving the frozen terrain and embarking on an incredible journey. Creatures everywhere were fleeing the onslaught of the new Ice age ... |
| 521 8# - TARGET AUDIENCE NOTE | |
| Target audience note | MPAA rating: PG. |
| 538 ## - SYSTEM DETAILS NOTE | |
| System details note | DVD format. |
| 546 ## - LANGUAGE NOTE | |
| Language note | In English, French or Spanish, with English and Spanish subtitles ; closed captioned. |
| 650 #0 - SUBJECT ADDED ENTRY--TOPICAL TERM | |
| Topical term or geographic name as entry element | Glacial epoch. |
| 9 (RLIN) | 5833558 |
| 650 #0 - SUBJECT ADDED ENTRY--TOPICAL TERM | |
| Topical term or geographic name as entry element | Woolly mammoth. |
| 9 (RLIN) | 95346 |
| 650 #0 - SUBJECT ADDED ENTRY--TOPICAL TERM | |
| Topical term or geographic name as entry element | Saber-toothed tigers. |
| 9 (RLIN) | 97036 |
| 650 #0 - SUBJECT ADDED ENTRY--TOPICAL TERM | |
| Topical term or geographic name as entry element | Friendship. |
| 9 (RLIN) | 5833559 |
| 650 #0 - SUBJECT ADDED ENTRY--TOPICAL TERM | |
| Topical term or geographic name as entry element | Feature films. |
| 9 (RLIN) | 5833560 |
| 655 #7 - INDEX TERM--GENRE/FORM | |
| Genre/form data or focus term | Animated films. |
| Source of term | lcsh |
| 9 (RLIN) | 5833561 |
| 655 #7 - INDEX TERM--GENRE/FORM | |
| Genre/form data or focus term | Children's films. |
| Source of term | lcsh |
| 9 (RLIN) | 5674336 |
| 655 #7 - INDEX TERM--GENRE/FORM | |
| Genre/form data or focus term | Video recordings for the hearing impaired. |
| Source of term | lcsh |
| 9 (RLIN) | 5833562 |
| 700 1# - ADDED ENTRY--PERSONAL NAME | |
| Personal name | Wedge, Chris, |
| Dates associated with a name | 1958- |
| 9 (RLIN) | 68493 |
| 700 1# - ADDED ENTRY--PERSONAL NAME | |
| Personal name | Romano, Ray. |
| 9 (RLIN) | 47594 |
| 700 1# - ADDED ENTRY--PERSONAL NAME | |
| Personal name | Leguizamo, John. |
| 9 (RLIN) | 5833563 |
| 700 1# - ADDED ENTRY--PERSONAL NAME | |
| Personal name | Leary, Denis. |
| 9 (RLIN) | 37745 |
| 700 1# - ADDED ENTRY--PERSONAL NAME | |
| Personal name | Visnjic, Goran, |
| Dates associated with a name | 1972- |
| 9 (RLIN) | 68491 |
| 700 1# - ADDED ENTRY--PERSONAL NAME | |
| Personal name | Black, Jack, |
| Dates associated with a name | 1969- |
| 9 (RLIN) | 66764 |
| 700 0# - ADDED ENTRY--PERSONAL NAME | |
| Personal name | Cedric, |
| Titles and other words associated with a name | the Entertainer, |
| Dates associated with a name | 1965- |
| 9 (RLIN) | 67699 |
| 700 1# - ADDED ENTRY--PERSONAL NAME | |
| Personal name | Root, Stephen. |
| 9 (RLIN) | 66933 |
| 700 1# - ADDED ENTRY--PERSONAL NAME | |
| Personal name | Bader, Diedrich, |
| Dates associated with a name | 1966- |
| 9 (RLIN) | 71295 |
| 710 2# - ADDED ENTRY--CORPORATE NAME | |
| Corporate name or jurisdiction name as entry element | Twentieth Century-Fox Film Corporation. |
| 9 (RLIN) | 5758 |
| 710 2# - ADDED ENTRY--CORPORATE NAME | |
| Corporate name or jurisdiction name as entry element | Blue Sky Studios. |
| 9 (RLIN) | 68444 |
| 710 2# - ADDED ENTRY--CORPORATE NAME | |
| Corporate name or jurisdiction name as entry element | Twentieth Century Fox Home Entertainment, Inc. |
| 9 (RLIN) | 61951 |
| 942 ## - ADDED ENTRY ELEMENTS (KOHA) | |
| Koha item type | DVD |
| Source of classification or shelving scheme | Dewey Decimal Classification |
| 948 ## - LOCAL PROCESSING INFORMATION (OCLC); SERIES PART DESIGNATOR (RLIN) | |
| Series part designator, SPT (RLIN) | 05/22/2006 |
| b (OCLC) | 06/03/2010 |
| z (OCLC) | Sirsi |
| Withdrawn status | Lost status | Source of classification or shelving scheme | Damaged status | Not for loan | Collection code | Home library | Current library | Shelving location | Date acquired | Source of acquisition | Cost, normal purchase price | Total Checkouts | Total Renewals | Full call number | Barcode | Checked out | Date last seen | Date checked out | Cost, replacement price | Price effective from | Koha item type | Materials specified (bound volume or other part) |
|---|---|---|---|---|---|---|---|---|---|---|---|---|---|---|---|---|---|---|---|---|---|---|
| Long Overdue (Lost) | Dewey Decimal Classification | Children Movies | Wasatch County Library | Wasatch County Library | Audio Visual Area | 05/08/2019 | Amazon | 6.50 | 17 | 8 | E DVD Ice | 34301001633140 | 05/17/2022 | 04/28/2022 | 04/28/2022 | 6.50 | 03/20/2020 | DVD | ||||
| Dewey Decimal Classification | Children Movies | Wasatch County Library | Wasatch County Library | Audio Visual Area | 11/06/2025 | Amazon | 2 | 1 | E Movie Ice Age | 34301002172239 | 02/10/2026 | 02/10/2026 | 10.90 | 11/06/2025 | DVD | 2 discs |
